|
|
|
|
| LEADER |
00000nab a2200000 a 4500 |
| 001 |
vtls000852394 |
| 003 |
SK-MaSNL |
| 005 |
20260302171959.0 |
| 008 |
140303c2003 xo 0 slo |
| 015 |
|
|
|a SNBRB2003/11-31991
|
| 035 |
|
|
|a CLN000204049
|
| 040 |
|
|
|a SNKBUCL
|b slo
|c SNKBUCL
|e AACR2
|
| 041 |
0 |
|
|a slo
|
| 044 |
|
|
|a xo
|c SK
|
| 080 |
|
|
|a 614.27:061.22(437.6):061.3
|2 1997
|
| 080 |
|
|
|a 614.27:061.22(437.6):369.263.5
|2 1997
|
| 100 |
1 |
|
|a (dk, mž)
|4 aut
|9 877075
|
| 245 |
1 |
0 |
|a Dvanásť otázok a odpovedí o kategorizácii a oddlžovaní
|b R. Zajac na workshope ADL: "Neodpustím vám výkriky o DPH, ktorými ste strašili ľudí"
|c [autor] (dk, mž)
|
| 300 |
|
|
|b Graf, tab.
|
| 610 |
|
7 |
|a Asociácia dodávateľov liekov a zdravotníckych pomôcok
|x stretnutie pracovné
|y 7.10.2003
|2 snkbucl
|9 877076
|
| 650 |
0 |
7 |
|a lieky
|x kategorizácia
|x oddlžovanie
|2 snkbucl
|9 877077
|
| 655 |
|
7 |
|a články z novín a časopisov
|2 snkbucl
|9 267496
|
| 773 |
0 |
|
|t Zdravotnícke noviny
|g Roč. 8, č. 40 (2003), s. 6
|x 1335-4477
|
| 850 |
|
|
|a Slovenská národná knižnica v Martine
|
| 852 |
|
|
|a SNK
|b KIS3GCP
|
| 958 |
|
|
|a MI
|
| 958 |
|
|
|a SK
|
| 992 |
|
|
|a RBX
|
| 999 |
|
|
|c 1397613
|d 1399543
|